000 01257nac a22003491u 4500
010 _a 84643570
022 0 _a0740-2880
035 _a(OCoLC)ocm09921331
082 0 _a809.05
_bLIT
090 _c9953
_d9953
100 _a20080729
245 0 0 _aLiterature criticism from 1400 to 1800.
246 3 _aLiterature criticism from fourteen hundred to eighteen hundred
246 3 _aLC
260 _aDetroit, Mich. :
_bGale Research Co.,
_cc1984-
300 _av. :
_bill. ;
_c29 cm.
500 _aPublisher varies: Gale Research Co., v. 1-v. 8; Gale Research Inc., v. 9-v. 29; Gale Group, v. 30-
500 _aDonations.
500 _aDonations - AUC.
511 _aCatalogued By: Mahitab.
650 0 _aCriticism.
650 0 _aLiterature, Modern
_xHistory and criticism.
710 2 _aGale Research Company.
710 2 _aGale research Inc.
710 2 _aGale Group.
942 _k809.05LIT
999 _c9953
_d9953